Military History Quiz - Statistics

General Stats
  • This quiz has been taken 415 times
  • The average score is 9 of 15
Answer Stats
Hint Answer % Correct
country that invented gunpowder China
94%
Napoleon and Hitler failed their conquests of this country Russia
87%
animals used by Carthaginian troops when they invaded northern rome Elephants
80%
US Invasion of 2003 Iraq
78%
Alexander the greats homeland Macedonia
76%
formation used by spartan soldiers Phalanx
76%
The nazi secret police Gestapo
72%
US mine named after a sword Claymore
60%
The Dessert Fox Erwin Rommel
59%
Political Party that seized control of russia in 1917 Bolsheviks
56%
a battle took place on this black sand pacific island Iwo Jima
54%
Touissant L'overture liberated this country from the french Haiti
49%
the Ho Chi Minh Trail goes through these 3 countries Vietnam Laos Cambodia
28%
American actress known for associating herself with the Communists in North Vietnam Jane Fonda
27%
Rome's main enemies Germanic Tribes
8%
No matching quizzes found
Score Distribution
Percent of People with Each Score
Percentile by Number Answered
Your Score History
You have not taken this quiz